Introduction to the mathematics of operations research with Mathematica / (Record no. 592951)
[ view plain ]
| 000 -LEADER | |
|---|---|
| fixed length control field | 01449cam a2200325 a 4500 |
| 001 - CONTROL NUMBER | |
| control field | 14206754 |
| 003 - CONTROL NUMBER IDENTIFIER | |
| control field | NUST |
| 005 - DATE AND TIME OF LATEST TRANSACTION | |
| control field | 20230119130802.0 |
| 008 - FIXED-LENGTH DATA ELEMENTS--GENERAL INFORMATION | |
| fixed length control field | 051221s2006 flua b 001 0 eng |
| 010 ## - LIBRARY OF CONGRESS CONTROL NUMBER | |
| LC control number | 2005056055 |
| 020 ## - INTERNATIONAL STANDARD BOOK NUMBER | |
| International Standard Book Number | 1574446126 (alk. paper) |
| 020 ## - INTERNATIONAL STANDARD BOOK NUMBER | |
| International Standard Book Number | 9781574446128 |
| 035 ## - SYSTEM CONTROL NUMBER | |
| System control number | (OCoLC)ocm62782264 |
| 040 ## - CATALOGING SOURCE | |
| Original cataloging agency | DLC |
| Transcribing agency | DLC |
| Modifying agency | BAKER |
| -- | C#P |
| -- | NLGGC |
| -- | DLC |
| 050 00 - LIBRARY OF CONGRESS CALL NUMBER | |
| Classification number | T57.6 |
| Item number | .H385 2006 |
| 082 00 - DEWEY DECIMAL CLASSIFICATION NUMBER | |
| Classification number | 658.4/0340151 |
| Edition number | 22 |
| 084 ## - OTHER CLASSIFICATION NUMBER | |
| Classification number | 658.40340,HAS |
| Number source | bcl |
| 100 1# - MAIN ENTRY--PERSONAL NAME | |
| Personal name | Hastings, Kevin J., |
| Dates associated with a name | 1955- |
| 9 (RLIN) | 107086 |
| 245 10 - TITLE STATEMENT | |
| Title | Introduction to the mathematics of operations research with Mathematica / |
| Statement of responsibility, etc. | Kevin J. Hastings. |
| 250 ## - EDITION STATEMENT | |
| Edition statement | 2nd ed. |
| 260 ## - PUBLICATION, DISTRIBUTION, ETC. | |
| Place of publication, distribution, etc. | Boca Raton, FL : |
| Name of publisher, distributor, etc. | Chapman & Hall/CRC, |
| Date of publication, distribution, etc. | 2006. |
| 300 ## - PHYSICAL DESCRIPTION | |
| Extent | xix, 567 p. : |
| Other physical details | ill. ; |
| Dimensions | 24 cm. + |
| Accompanying material | 1 CD-ROM (4 3/4 in.). |
| 440 #0 - SERIES STATEMENT/ADDED ENTRY--TITLE | |
| Title | Monographs and textbooks in pure and applied mathematics |
| 9 (RLIN) | 97948 |
| 505 ## - FORMATTED CONTENTS NOTE | |
| Formatted contents note | Graph theory and Networks Analysis (Page-1), linear Programming (Page-143), Further Topics in Linear Programming (Page-211), Markov Chains (Page-261), Continuous time Processes (Page-327), Dynamic Programming (Page-403). |
| 630 00 - SUBJECT ADDED ENTRY--UNIFORM TITLE | |
| Uniform title | Mathematica (Computer file) |
| 650 #0 - SUBJECT ADDED ENTRY--TOPICAL TERM | |
| Topical term or geographic name entry element | Operations research |
| General subdivision | Mathematics. |
| 9 (RLIN) | 107087 |
| 700 1# - ADDED ENTRY--PERSONAL NAME | |
| Personal name | Hastings, Kevin J., |
| Dates associated with a name | 1955- |
| Title of a work | Introduction to the mathematics of operations research. |
| 9 (RLIN) | 107088 |
| 856 42 - ELECTRONIC LOCATION AND ACCESS | |
| Materials specified | Publisher description |
| Uniform Resource Identifier | <a href="http://www.loc.gov/catdir/enhancements/fy0648/2005056055-d.html">http://www.loc.gov/catdir/enhancements/fy0648/2005056055-d.html</a> |
| 942 ## - ADDED ENTRY ELEMENTS (KOHA) | |
| Source of classification or shelving scheme | |
| Koha item type | Book |
| Call number prefix | 658.40340,HAS |
| Withdrawn status | Lost status | Source of classification or shelving scheme | Damaged status | Not for loan | Permanent Location | Current Location | Shelving location | Date acquired | Total Checkouts | Full call number | Barcode | Date last seen | Price effective from | Koha item type | Public note |
|---|---|---|---|---|---|---|---|---|---|---|---|---|---|---|---|
| Military College of Signals (MCS) | Military College of Signals (MCS) | General Stacks | 01/19/2023 | 658.40340,HAS | MCS34484 | 01/19/2023 | 01/19/2023 | Book | Almirah No.55, Shelf No.2 |
